01544nam a2200361Ia 4500001001200000003000800012006001900020007001500039008004100054010001700095020002800112020001500140040002100155035002000176050002800196082002000224100002200244245012900266260005700395300003000452490004500482504005100527533015200578650004800730650006700778650005500845650004700900655002900947710001700976830004600993856012601039999001701165ebr10021607CaPaEBRm u cr cn|||||||||000209s2000 mduab sb 001 0 eng d z 00008338  z0801864399 (alk. paper) z0801875129 aCaPaEBRcCaPaEBR a(OCoLC)7075904014aPN1991.3.U6bC73 2000eb04a384.54/09732211 aCraig, Douglas B.10aFireside politicsh[electronic resource] :bradio and political culture in the United States, 1920-1940 /cDouglas B. Craig. aBaltimore :bJohns Hopkins University Press,cc2000. axx, 362 p. :bill., maps.1 aReconfiguring American political history aIncludes bibliographical references and index. aElectronic reproduction.bPalo Alto, Calif. :cebrary,d2013.nAvailable via World Wide Web.nAccess may be limited to ebrary affiliated libraries. 0aRadio broadcastingzUnited StatesxHistory. 0aRadio broadcastingxPolitical aspectszUnited StatesxHistory. 0aRadio broadcasting policyzUnited StatesxHistory. 0aRadio in politicszUnited StatesxHistory. 7aElectronic books.2local2 aebrary, Inc. 0aReconfiguring American political history.40uhttp://site.ebrary.com/lib/rucke/Doc?id=10021607zAn electronic book accessible through the World Wide Web; click to view c10305d10305